[Event "Challenge"]
[Site "http://www.queenalice.com/game.php?id=1383538"]
[Date "2015.9.16"]
[Round "-"]
[White "Jerzy"]
[Black "eddval"]
[Result "1/2-1/2"]
[WhiteElo "2205"]
[BlackElo "2295"]

1. d4 d5 2. Nf3 Bf5 3. c4 e6 4. Nc3 Nf6 5. Bg5 c6 6. e3 Nbd7 7. h3 Qa5 8. Bxf6
Nxf6 9. Nd2 Bb4 10. Qb3 Ne4 11. Ndxe4 Bxe4 12. Rc1 O-O 13. a3 Bxc3+ 14. Qxc3
Qxc3+ 15. Rxc3 Rfc8 16. f3 Bg6 17. Kf2 Kf8 18. Be2 Ke7 19. Rhc1 f6 20. cxd5 exd5
21. Bd3 Bxd3 22. Rxd3 f5 23. Rdc3 Kd7 24. Re1 Re8 25. Rb3 Kc7 26. Rc3 Re6 27. b4
Kb6 28. Rc5 Rae8 29. f4 Re4 30. a4 a6 31. h4 h5 32. g3 Ra8 33. Rec1 Rae8 34. Re1
g6 35. Re2 Ra8 36. Rec2 Rae8 37. Re2 R4e6 38. Kf3 Ra8 39. Rec2 Rae8 40. Re2 Re4
41. Kf2 1/2-1/2

[Event "Challenge"]
[Site "http://www.queenalice.com/game.php?id=1384032"]
[Date "2015.9.18"]
[Round "-"]
[White "Jerzy"]
[Black "eddval"]
[Result "1-0"]
[WhiteElo "2208"]
[BlackElo "2293"]

1. d4 Nf6 2. Nf3 g6 3. c4 Bg7 4. Nc3 O-O 5. g3 c5 6. Bg2 h6 7. O-O cxd4 8. Nxd4
Nc6 9. Rb1 Nxd4 10. Qxd4 d6 11. Qd3 a6 12. b3 Be6 13. Bxb7 Ra7 14. Bg2 Qb8 15.
Be3 Rd7 16. Nd5 Kh7 17. Nxf6+ Bxf6 18. Bd4 Bxd4 19. Qxd4 Qb4 20. Rfd1 Rc8 21.
Qd2 Qa3 22. Qb2 Qc5 23. Qd4 Qa3 24. Qb2 Qc5 25. Bd5 Bf5 26. Rbc1 Be6 27. Bxe6
fxe6 28. e4 Rdc7 29. Qe2 Rf8 30. Re1 a5 31. Qe3 Qb4 32. Rf1 a4 33. Qc3 Rb8 34.
Qxb4 Rxb4 35. Rc3 Kg7 36. Rfc1 Rcb7 37. Rb1 Kf7 38. f4 Ke8 39. Kf2 Kd7 40. Ke3
Kc6 41. Kd2 Kc5 42. Kc2 Kd4 43. Re1 Ra7 44. Rd3+ Kc5 45. Kb2 Rab7 46. e5 axb3
47. axb3 R4b6 48. exd6 Rxd6 49. Re5+ Kc6 50. Rxd6+ Kxd6 51. Ra5 Rb8 52. Kc3 Kc6
53. Ra7 Re8 54. b4 Kb6 55. Ra5 Kc6 56. b5+ Kc7 57. Ra6 Kd7 58. c5 Rb8 59. Kc4
Kc7 60. Rxe6 1-0

[Event "Challenge"]
[Site "http://www.queenalice.com/game.php?id=1385702"]
[Date "2015.9.27"]
[Round "-"]
[White "eddval"]
[Black "super_viper"]
[Result "0-1"]
[WhiteElo "2311"]
[BlackElo "2288"]

1. e4 e5 2. Nf3 Nc6 3. Bc4 Nf6 4. Ng5 d5 5. exd5 Na5 6. d3 h6 7. Nf3 e4 8. Qe2
Nxc4 9. dxc4 Bb4+ 10. c3 Bd6 11. h3 b5 12. b3 bxc4 13. bxc4 O-O 14. Nd4 Ba6 15.
Nd2 Nxd5 16. O-O Nxc3 17. Qe3 Bc5 18. N2b3 Bxd4 19. Nxd4 Qxd4 20. Bb2 Qxe3 21.
fxe3 Ne2+ 22. Kf2 Bxc4 23. Rfe1 Rab8 24. Ba3 Rfd8 25. Rxe2 Bxe2 26. Kxe2 Rd3 27.
Bc1 Rb5 28. a4 Rc5 0-1

[Event "Challenge"]
[Site "http://www.queenalice.com/game.php?id=1386718"]
[Date "2015.10.1"]
[Round "-"]
[White "HakunaMatata"]
[Black "eddval"]
[Result "0-1"]
[WhiteElo "2182"]
[BlackElo "2293"]

1. d4 d5 2. Nf3 Bf5 3. e3 e6 4. Bd3 Bxd3 5. Qxd3 c6 6. O-O Nf6 7. Nbd2 Nbd7 8.
e4 dxe4 9. Nxe4 Nxe4 10. Qxe4 Nf6 11. Qd3 h6 12. Re1 Bd6 13. b3 O-O 14. Bb2 Qc7
15. Ne5 Rad8 16. f4 Rfe8 17. Re2 a6 18. Rae1 c5 19. Kh1 b5 20. c4 cxd4 21. Bxd4
Bc5 22. Nf3 Qxf4 23. Be5 Qxh2+ 24. Kxh2 Rxd3 25. Bxf6 gxf6 26. cxb5 axb5 27. Rc2
Bb4 28. Rec1 Kg7 29. Rc7 Bd6+ 0-1

[Event "Challenge"]
[Site "http://www.queenalice.com/game.php?id=1386947"]
[Date "2015.10.3"]
[Round "-"]
[White "jpribeiro"]
[Black "eddval"]
[Result "0-1"]
[WhiteElo "2137"]
[BlackElo "2298"]

1. e4 e5 2. Nf3 Nc6 3. Bb5 a6 4. Ba4 Nf6 5. Nc3 b5 6. Bb3 d6 7. d3 h6 8. O-O Be7
9. h3 Be6 10. Be3 d5 11. Nxd5 Nxd5 12. exd5 Bxd5 13. Bxd5 Qxd5 14. a3 O-O 15. b3
Rad8 16. b4 f5 17. Rc1 Rd7 18. Re1 Rfd8 19. Re2 e4 20. Ne1 Bf6 21. Bc5 Bc3 22.
g4 Ne5 23. Ng2 Nf3+ 24. Kf1 Qe5 25. Ne1 Qh2 0-1

[Event "Challenge"]
[Site "http://www.queenalice.com/game.php?id=1387536"]
[Date "2015.10.5"]
[Round "-"]
[White "reycas"]
[Black "eddval"]
[Result "0-1"]
[WhiteElo "2199"]
[BlackElo "2302"]

1. e4 e5 2. f4 d5 3. exd5 e4 4. c4 c6 5. Nc3 f5 6. d3 exd3 7. Bxd3 Nf6 8. dxc6
Nxc6 9. Nf3 Be7 10. O-O O-O 11. Kh1 a6 12. Qc2 Nb4 13. Qb3 Qxd3 14. Bd2 Be6 15.
Rfd1 Qxc4 16. Qa4 b5 17. Qb3 Qxb3 18. axb3 Bxb3 19. Rf1 Rfd8 20. Be3 Nc2 21. Bb6
Rdb8 22. Bc7 Rc8 23. Be5 Nxa1 24. Rxa1 Ng4 25. Re1 Nf2+ 26. Kg1 Nd3 27. Re2 Bc5+
28. Kf1 Bc4 29. Nd2 Nxe5 30. Nxc4 Nxc4 31. g3 Nxb2 32. Rxb2 Bd4 33. Nd1 Bxb2 34.
Nxb2 Rc1+ 0-1

[Event "Challenge"]
[Site "http://www.queenalice.com/game.php?id=1404803"]
[Date "2016.1.18"]
[Round "-"]
[White "eddval"]
[Black "Sacapiece"]
[Result "0-1"]
[WhiteElo "2278"]
[BlackElo "2285"]

1. e4 c5 2. Nf3 d6 3. d4 cxd4 4. Nxd4 Nf6 5. Nc3 g6 6. Bc4 Bg7 7. O-O O-O 8. Bb3
Nc6 9. h3 Bd7 10. Be3 Nxd4 11. Bxd4 Bc6 12. Qd2 Rc8 13. Rad1 b5 14. a3 a5 15.
Rfe1 b4 16. axb4 axb4 17. Nd5 Bxd5 18. exd5 Rb8 19. Re2 Rb7 20. Rde1 Ne8 21. Ra1
Qb8 22. Ra4 Bxd4 23. Qxd4 Nf6 24. Re1 Qc7 25. Rxb4 Qa5 26. Rxb7 Qxe1+ 27. Kh2 h5
28. Qe3 Qf1 29. Rxe7 Ra8 30. Qf4 Kg7 31. Qxd6 Qxf2 32. Qe5 Ra1 33. d6 h4 34.
Rxf7+ Kh6 0-1

[Event "Challenge"]
[Site "http://www.queenalice.com/game.php?id=1408998"]
[Date "2016.2.12"]
[Round "-"]
[White "Jerzy"]
[Black "eddval"]
[Result "1/2-1/2"]
[WhiteElo "2254"]
[BlackElo "2266"]

1. d4 Nf6 2. Nf3 d5 3. c4 e6 4. Nc3 c6 5. e3 Bd6 6. Bd3 O-O 7. O-O Nbd7 8. cxd5
exd5 9. h3 Qe7 10. Qc2 Re8 11. a3 Ne4 12. Bd2 f5 13. Na2 Ndf6 14. Bb4 Bxb4 15.
Nxb4 Be6 16. Ne5 Nd7 17. f3 Nxe5 18. dxe5 Ng3 19. Rfd1 g6 20. f4 Red8 21. Kh2
Ne4 22. Bxe4 dxe4 23. Qe2 Rxd1 24. Rxd1 Rd8 25. Nc2 1/2-1/2

[Event "Challenge"]
[Site "http://www.queenalice.com/game.php?id=1409723"]
[Date "2016.2.16"]
[Round "-"]
[White "masam2014"]
[Black "eddval"]
[Result "0-1"]
[WhiteElo "1558"]
[BlackElo "2316"]

1. d4 Nf6 2. c4 e6 3. Nf3 Bb4+ 4. Bd2 Qe7 5. e3 O-O 6. Be2 b6 7. O-O Ne4 8. Bxb4
Qxb4 9. Qb3 Nc6 10. Qxb4 Nxb4 11. Na3 Bb7 12. Nb5 Rfc8 13. b3 a6 14. Na3 Nc3 15.
Ne5 d6 16. Nf3 Nxe2+ 17. Kh1 Nc3 18. Nd2 Ne4 19. Nxe4 Bxe4 20. f3 Bb7 21. h3 e5
0-1

[Event "Challenge"]
[Site "http://www.queenalice.com/game.php?id=1413333"]
[Date "2016.3.13"]
[Round "-"]
[White "jpribeiro"]
[Black "eddval"]
[Result "0-1"]
[WhiteElo "2153"]
[BlackElo "2288"]

1. Nf3 d5 2. g3 Bf5 3. Bg2 h6 4. O-O e6 5. d3 Nf6 6. a3 c6 7. Nd4 Bh7 8. b4 Be7
9. Bb2 Nbd7 10. Nc3 O-O 11. Bc1 c5 12. bxc5 Nxc5 13. a4 Rc8 14. Bh3 Nxd3 15.
cxd3 Rxc3 16. Nb5 Rc6 17. Nxa7 Ra6 18. Nb5 Nd7 19. Bb2 Bf6 20. Bxf6 Nxf6 21. Rc1
Rc6 22. Rxc6 bxc6 23. Nd4 Qb6 24. Nf3 Ra8 25. Qc2 Nd7 26. Rb1 Qa6 27. Qb3 g5 28.
Qb7 Qxb7 29. Rxb7 Nc5 30. Rc7 Rxa4 31. Rxc6 Ra1+ 32. Kg2 Nd7 33. Rc8+ Kg7 34.
Rc7 Nf8 35. Ne5 Bg6 36. Nxg6 Kxg6 37. Rc8 Nd7 38. Rc7 Nf6 39. Kf3 Rh1 40. Kg2
Re1 41. Rc2 g4 42. Bxg4 Nxg4 43. h3 Nf6 44. f3 Ra1 45. Kf2 Ra7 46. Ke3 Nd7 47.
Kf4 f6 48. d4 Ra4 49. Rc7 e5+ 50. Ke3 exd4+ 51. Kd3 Ne5+ 52. Kd2 Ra2+ 53. Rc2
Rxc2+ 54. Kxc2 Kf5 55. Kb3 Ke6 56. Kc2 Kd6 57. f4 Nf7 58. Kd3 Kc5 59. g4 Nd6 60.
Kd2 Ne4+ 61. Ke1 Kc4 62. Kf1 d3 63. exd3+ Kxd3 0-1

[Event "Challenge"]
[Site "http://www.queenalice.com/game.php?id=1415816"]
[Date "2016.3.30"]
[Round "-"]
[White "eddval"]
[Black "PopowskiF"]
[Result "1-0"]
[WhiteElo "2305"]
[BlackElo "2259"]

1. d4 Nf6 2. c4 g6 3. Nc3 Bg7 4. e4 d6 5. Bd3 e5 6. d5 Na6 7. Nge2 Nh5 8. O-O f5
9. Ng3 Nxg3 10. fxg3 O-O 11. Be3 Nb4 12. Bb1 c6 13. a3 cxd5 14. cxd5 f4 15. gxf4
exf4 16. Bxf4 Qb6+ 17. Kh1 Qa6 18. Bc2 Nxc2 19. Qxc2 Bd7 20. h4 Be5 21. Qd2 Rf7
22. Kg1 Raf8 23. g3 Qc4 24. Qe2 Bb5 25. Qxc4 Bxc4 26. Rf3 Bxf4 27. gxf4 Rxf4 28.
Rxf4 Rxf4 29. h5 gxh5 30. Kg2 h4 31. Re1 Kf7 32. Nb1 Kf6 33. Nd2 Bd3 34. Re3 Bc2
35. Re1 b5 36. Re3 Ke5 37. Nf3+ Rxf3 38. Kxf3 h3 39. Ke2 Bxe4 40. Rxh3 Kd4 41.
Rh5 a5 42. Kd2 Kc4 43. Ke3 Bg6 44. Rg5 Kb3 45. Rg2 Bc2 46. Rf2 Kxb2 47. Kd4 b4
48. axb4 axb4 49. Rf6 h5 50. Rxd6 b3 51. Rb6 Bf5 52. Kc4 h4 53. Rxb3+ Kc2 54.
Rf3 Bd7 55. Rf7 Bc8 56. Kd4 Kd2 57. Rf2+ Ke1 58. Ke3 Bd7 59. Rh2 1-0

[Event "Challenge"]
[Site "http://www.queenalice.com/game.php?id=1415817"]
[Date "2016.3.30"]
[Round "-"]
[White "eddval"]
[Black "PopowskiF"]
[Result "1-0"]
[WhiteElo "2293"]
[BlackElo "2289"]

1. e4 e5 2. Nf3 Nc6 3. d4 exd4 4. Nxd4 Bc5 5. Be3 Bb6 6. Bc4 Nf6 7. Nxc6 bxc6 8.
e5 Ne4 9. Bxb6 axb6 10. Qg4 O-O 11. Qxe4 d5 12. Qf3 dxc4 13. O-O Qd5 14. Qe2 Re8
15. Re1 Bf5 16. Nc3 Qc5 17. a3 b5 18. h3 f6 19. Qf3 Rxe5 20. Rxe5 Qxe5 21. Qxc6
Rb8 22. Rc1 h5 23. Qd5+ Qxd5 24. Nxd5 Be4 25. Nxc7 b4 26. a4 b3 27. c3 Rd8 28.
f3 Bf5 29. a5 Rd2 30. a6 Rxb2 31. a7 Ra2 32. a8=Q+ Rxa8 33. Nxa8 b2 34. Re1 b1=B
35. Nb6 Bbd3 36. Re7 h4 37. Nd5 Kf8 38. Rc7 Be6 39. Nf4 Bdf5 40. Nxe6+ Bxe6 41.
Kf2 Bd5 42. Ke3 g5 43. Kd4 Be6 44. Rxc4 1-0

[Event "Challenge"]
[Site "http://www.queenalice.com/game.php?id=1416879"]
[Date "2016.4.5"]
[Round "-"]
[White "eddval"]
[Black "josekasparov"]
[Result "0-1"]
[WhiteElo "2263"]
[BlackElo "2340"]

1. e4 c5 2. Nf3 d6 3. d4 cxd4 4. Nxd4 Nf6 5. Nc3 g6 6. Be3 Bg7 7. Bc4 Nc6 8. f3
O-O 9. Qd2 Bd7 10. O-O-O Rc8 11. Bb3 Ne5 12. h3 Nc4 13. Bxc4 Rxc4 14. g4 b5 15.
Ndxb5 Qa5 16. Na3 Rb4 17. Bd4 Rfb8 18. Ne2 Qxa3 0-1

[Event "Challenge"]
[Site "http://www.queenalice.com/game.php?id=1416880"]
[Date "2016.4.5"]
[Round "-"]
[White "eddval"]
[Black "josekasparov"]
[Result "0-1"]
[WhiteElo "2304"]
[BlackElo "2340"]

1. e4 e5 2. Nf3 Nc6 3. d4 exd4 4. Nxd4 Nf6 5. Nc3 Bb4 6. Nxc6 bxc6 7. Bd3 d5 8.
exd5 cxd5 9. O-O O-O 10. Bg5 c6 11. Qf3 Be7 12. Rae1 Rb8 13. Nd1 Be6 14. h3 h6
15. Bf4 Bd6 16. Re2 c5 17. c3 Bxf4 18. Qxf4 d4 19. c4 Qa5 20. b3 Rbe8 21. Rfe1
Bd7 22. Kf1 Rxe2 23. Rxe2 Re8 24. Qd2 Qc7 25. Rxe8+ Bxe8 26. Kg1 Bc6 27. Nb2 Ne4
28. Bxe4 Bxe4 29. Na4 Bb1 30. Qd1 Bf5 31. Qd2 Qe5 32. f4 Qe7 33. Kf1 Be4 34. a3
Bc6 35. Nb2 Qc7 36. b4 Be4 37. Kg1 f5 38. b5 a6 39. a4 axb5 40. axb5 Qa7 41. Nd3
Qa3 42. Ne5 Qc3 43. Qf2 d3 44. Qg3 Qd4+ 45. Kh2 Qd6 46. Qe1 d2 47. Qd1 Bc2 48.
Qxc2 d1=Q 49. Qxf5 Qf6 50. Qe4 Qd4 51. Qa8+ Qf8 52. Qxf8+ Kxf8 53. Kh1 Ke8 0-1

[Event "Challenge"]
[Site "http://www.queenalice.com/game.php?id=1417305"]
[Date "2016.4.8"]
[Round "-"]
[White "eddval"]
[Black "Sacapiece"]
[Result "1-0"]
[WhiteElo "2276"]
[BlackElo "2263"]

1. e4 c5 2. Nf3 d6 3. d4 cxd4 4. Nxd4 Nf6 5. Nc3 Nc6 6. Bg5 e6 7. Qd2 a6 8.
O-O-O Bd7 9. f4 h6 10. Bxf6 Qxf6 11. g3 Qd8 12. Nb3 Qc7 13. Bg2 Be7 14. Rhe1 Rd8
15. Kb1 O-O 16. a3 b5 17. Re3 b4 18. axb4 Nxb4 19. Na2 Nxa2 20. Kxa2 Ba4 21. Rc3
Qb6 22. Qd4 Bxb3+ 23. Rxb3 Qa5+ 24. Ra3 Qb5 25. Bf1 Qb8 26. Rxa6 Bf6 27. Qb6 Qc8
28. Qc6 Qxc6 29. Rxc6 Rb8 30. c3 Ra8+ 31. Kb1 Ra4 32. Bg2 Be7 33. Rc7 Re8 34.
Bf1 Raa8 35. Bb5 Reb8 36. Rxe7 Rxb5 37. Rxd6 Rab8 38. b4 R5b7 39. Rdd7 Rxd7 40.
Rxd7 Kf8 41. Kb2 1-0

[Event "Challenge"]
[Site "http://www.queenalice.com/game.php?id=1417307"]
[Date "2016.4.8"]
[Round "-"]
[White "eddval"]
[Black "cerenzo72"]
[Result "1-0"]
[WhiteElo "2296"]
[BlackElo "2164"]

1. e4 e5 2. Nf3 d6 3. d4 exd4 4. Nxd4 g6 5. c4 c5 6. Nb3 Bg7 7. Be2 b6 8. Nc3
Bb7 9. O-O Bxc3 10. bxc3 Bxe4 11. Bf3 Bxf3 12. Qxf3 Nd7 13. Re1+ Ne5 14. Qc6+
Kf8 15. Qe4 Nf6 16. Bh6+ Kg8 17. Qe2 Nfg4 18. Bf4 Qf6 19. Qe4 Kg7 20. h3 Nh6 21.
Rad1 Rad8 22. Rxd6 Qe7 23. Bxe5+ Kg8 24. Rxd8+ Qxd8 25. Bxh8 Kxh8 26. Qe8+ Qxe8
27. Rxe8+ Kg7 28. Re7 Nf5 29. Rxa7 Nd6 30. Nd2 b5 31. Rd7 1-0

[Event "Game 2"]
[Site "http://www.queenalice.com/game.php?id=1417478"]
[Date "2016.4.9"]
[Round "-"]
[White "Sacapiece"]
[Black "eddval"]
[Result "0-1"]
[WhiteElo "2276"]
[BlackElo "2254"]

1. e4 e5 2. Nf3 Nc6 3. Bb5 a6 4. Ba4 Nf6 5. O-O Be7 6. Re1 b5 7. Bb3 d6 8. c3
O-O 9. d4 Bg4 10. d5 Na5 11. Bc2 c5 12. h3 Bd7 13. Nxe5 dxe5 14. d6 Bc6 15. dxe7
Qxe7 16. Bg5 h6 17. Bh4 g5 18. Bg3 Rad8 19. Qf3 Rfe8 20. b3 Rd6 21. Qe3 Rd7 22.
h4 Nh5 23. hxg5 hxg5 24. Bd1 Nf4 25. Bxf4 gxf4 26. Qf3 f5 27. Qh5 Bxe4 28. Qg6+
Kh8 29. f3 Bd3 30. Na3 Qe6 31. Qg5 Rg7 32. Qh4+ Rh7 33. Qf2 Qh6 34. Qxc5 Qh2+
35. Kf2 Qg3+ 0-1

[Event "Challenge"]
[Site "http://www.queenalice.com/game.php?id=1423962"]
[Date "2016.5.20"]
[Round "-"]
[White "eddval"]
[Black "Paulzinho"]
[Result "1-0"]
[WhiteElo "2317"]
[BlackElo "2260"]

1. e4 c5 2. Nf3 d6 3. d4 cxd4 4. Nxd4 Nf6 5. Nc3 g6 6. Be2 Bg7 7. O-O O-O 8. Be3
Nc6 9. h3 d5 10. exd5 Nxd5 11. Nxd5 Qxd5 12. Bf3 Qa5 13. Nxc6 bxc6 14. Bxc6 Rb8
15. Bd4 Rd8 16. b4 Qc7 17. Bxg7 Rxd1 18. Rfxd1 Kxg7 19. b5 Be6 20. a4 Rd8 21.
Rxd8 Qxd8 22. a5 Qd4 23. Rb1 Qc5 24. a6 Qxc2 25. Re1 Kf6 26. Be4 Qc5 27. Rb1 Ba2
28. Ra1 1-0